[Event "La Plagne Soleil op"]
[Site "La Plagne"]
[Date "2025.07.10"]
[Round "8"]
[White "Bauer, Christian"]
[Black "Droin, Augustin"]
[Result "1-0"]
[WhiteElo "2552"]
[BlackElo "2488"]
[PlyCount "99"]
[EventDate "2025.07.05"]
[EventType "swiss"]
[EventRounds "9"]
[EventCountry "FRA"]
[SourceTitle "CB29_2025"]
[SourceDate "2025.07.16"]
[SourceVersion "1"]
[SourceVersionDate "2025.07.16"]
[SourceQuality "1"]

1. e4 c5 2. Nf3 Nc6 3. Bb5 g6 4. 0-0 Bg7 5. Na3 Nf6 6. Re1 0-0 7. c3 d6 8. h3 a6 9. Bxc6 bxc6 10. d3 a5 11. Qa4 Qc7 12. e5 Nd7 13. exd6 exd6 14. Bf4 Nb6 15. Qc2 Bf5 16. Qd2 Rfd8 17. Re2 Re8 18. Rae1 Rxe2 19. Rxe2 Qd7 20. Nc4 Nxc4 21. dxc4 Bf8 22. Kh2 f6 23. Qd1 g5 24. Bg3 Be6 25. Rd2 d5 26. Qa4 Qb7 27. Re2 Bf7 28. Nd2 Qa6 29. f4 h6 30. Rf2 Bg7 31. fxg5 hxg5 32. Qc2 Re8 33. Qf5 Qb7 34. Nb3 Qa7 35. Bd6 Re6 36. Bg3 a4 37. Nd2 Re8 38. b3 Re3 39. Qc8+ Be8 40. Nf1 Re4 41. cxd5 cxd5 42. bxa4 Qd7 43. Qxc5 f5 44. Rd2 Bf7 45. a5 f4 46. Bf2 Qe6 47. Bd4 Qa6 48. Rf2 Bf8 49. Qb6 Re6 50. Qd8 1-0

[Event "Geneva op 37th"]
[Site "Geneva"]
[Date "2025.06.07"]
[Round "2"]
[White "Dib, Billal"]
[Black "Bauer, Christian"]
[Result "0-1"]
[WhiteElo "1958"]
[BlackElo "2561"]
[PlyCount "70"]
[EventDate "2025.06.06"]
[EventType "swiss"]
[EventRounds "7"]
[EventCountry "SUI"]
[SourceTitle "CB24_2025"]
[SourceDate "2025.06.11"]
[SourceVersion "1"]
[SourceVersionDate "2025.06.11"]
[SourceQuality "1"]

1. e4 Nf6 2. e5 Nd5 3. d4 d6 4. f4 Bf5 5. c3 e6 6. Nf3 c5 7. Bd3 Bxd3 8. Qxd3 Nc6 9. a3 cxd4 10. cxd4 dxe5 11. fxe5 Be7 12. 0-0 0-0 13. b4 Rc8 14. Bb2 Bg5 15. Nbd2 Bxd2 16. Nxd2 Nce7 17. Ne4 Nf5 18. Rac1 Qh4 19. Qf3 Nde3 20. Nd6 Nxf1 21. Rxc8 Rxc8 22. Nxc8 Nxh2 23. Qh3 Qf4 24. Nd6 Ng4 25. Qf3 Qh2+ 26. Kf1 Qh1+ 27. Ke2 Qb1 28. Bc3 Qc2+ 29. Ke1 Nge3 30. Nxf5 Nxf5 31. Kf1 h5 32. d5 exd5 33. e6 fxe6 34. Be5 Qe4 35. Qc3 Ne3+ 0-1

[Event "FRA-chT Top 16 Haute"]
[Site "Belfort"]
[Date "2025.05.29"]
[Round "1.6"]
[White "Bauer, Christian"]
[Black "Lamaze, Simon"]
[Result "0-1"]
[WhiteElo "2561"]
[BlackElo "2424"]
[PlyCount "130"]
[EventDate "2025.05.29"]
[EventType "team-tourn"]
[EventRounds "4"]
[EventCountry "FRA"]
[SourceTitle "CB23_2025"]
[SourceDate "2025.06.04"]
[SourceVersion "1"]
[SourceVersionDate "2025.06.04"]
[SourceQuality "1"]
[WhiteTeam "Chartres"]
[BlackTeam "Marseille"]
[WhiteTeamCountry "FRA"]
[BlackTeamCountry "FRA"]

1. e4 c5 2. Nf3 e6 3. g3 Nc6 4. Bg2 Nf6 5. d3 d6 6. 0-0 Be7 7. c3 0-0 8. Re1 Bd7 9. a3 Rc8 10. b4 b5 11. Nbd2 Qb6 12. Rb1 a5 13. bxc5 Qxc5 14. d4 Qa7 15. Bf1 e5 16. Bxb5 exd4 17. cxd4 Nxd4 18. Nxd4 Qxd4 19. Bb2 Qa7 20. Bxd7 Nxd7 21. Nf1 Bf6 22. Ne3 Bxb2 23. Rxb2 Ne5 24. Kg2 Rc3 25. Rb3 Qc5 26. Nd5 Rc2 27. Ree3 Rc1 28. Qe2 Rc2 29. Qd1 Rc1 30. Qe2 Rc2 31. Qh5 Qd4 32. g4 Re8 33. h3 Qd1 34. Nc3 Rxf2+ 35. Kxf2 Qxb3 36. Nd5 Qc2+ 37. Kg3 Qc1 38. Kg2 Ng6 39. Kf2 Re5 40. g5 h6 41. h4 Qh1 42. Qg4 Qh2+ 43. Kf1 Qxh4 44. Qxh4 Nxh4 45. gxh6 Nf5 46. Rb3 Nxh6 47. Rb5 Rxe4 48. Rxa5 Ng4 49. Nc3 Rf4+ 50. Ke1 f5 51. Ne2 Rf3 52. Nd4 Re3+ 53. Kd2 g6 54. Ra6 Kg7 55. a4 Ra3 56. a5 Ne5 57. Ke2 Ra2+ 58. Kf1 Nc4 59. Ra7+ Kf6 60. a6 Ne3+ 61. Kg1 Ke5 62. Nb5 Kf4 63. Nc3 Rc2 64. Rc7 Kf3 65. Nb5 Ra2 0-1

[Event "Nancy Rapid op 23rd"]
[Site "Nancy"]
[Date "2025.03.02"]
[Round "8"]
[White "Bauer, Christian"]
[Black "Haub, Thorsten Michael"]
[Result "1/2-1/2"]
[WhiteElo "2554"]
[BlackElo "2326"]
[PlyCount "73"]
[EventDate "2025.03.02"]
[EventType "swiss (rapid)"]
[EventRounds "9"]
[EventCountry "FRA"]
[SourceTitle "CB10_2025"]
[SourceDate "2025.03.05"]
[SourceVersion "1"]
[SourceVersionDate "2025.03.05"]
[SourceQuality "1"]

1. e4 e6 2. d4 d5 3. Nc3 Nf6 4. e5 Nfd7 5. f4 c5 6. Nce2 Nc6 7. Nf3 Qb6 8. c3 f6 9. a3 cxd4 10. cxd4 Be7 11. Nc3 Na5 12. Rb1 0-0 13. Be3 a6 14. Bd3 Qd8 15. Qc2 f5 16. b4 Nc6 17. 0-0 Nb6 18. Kh1 Bd7 19. g4 Rc8 20. Rg1 Nc4 21. Bxc4 dxc4 22. Qg2 g6 23. gxf5 Rxf5 24. d5 exd5 25. Nxd5 Be6 26. Nb6 Rc7 27. Rbd1 Qe8 28. Rc1 Qf7 29. Rgd1 h6 30. Nxc4 Nxb4 31. axb4 Bxc4 32. Kg1 Kh7 33. Bb6 Rc6 34. Be3 Rc7 35. Bb6 Rc6 36. Be3 Rc7 37. Bb6 1/2-1/2

[Event "Nancy Rapid op 23rd"]
[Site "Nancy"]
[Date "2025.03.02"]
[Round "9"]
[White "Boehme, Sebastian1"]
[Black "Bauer, Christian"]
[Result "0-1"]
[WhiteElo "2271"]
[BlackElo "2554"]
[PlyCount "96"]
[EventDate "2025.03.02"]
[EventType "swiss (rapid)"]
[EventRounds "9"]
[EventCountry "FRA"]
[SourceTitle "CB10_2025"]
[SourceDate "2025.03.05"]
[SourceVersion "1"]
[SourceVersionDate "2025.03.05"]
[SourceQuality "1"]

1. e4 Nc6 2. Nf3 d6 3. d4 Nf6 4. Nc3 g6 5. d5 Nb8 6. Be2 Bg7 7. 0-0 0-0 8. Re1 c6 9. h3 b5 10. dxc6 b4 11. Nd5 Nxc6 12. Bb5 Bb7 13. a3 bxa3 14. Rxa3 a6 15. Bd3 Nd7 16. Bg5 Nc5 17. c3 h6 18. Bh4 g5 19. Bg3 e6 20. Ne3 Ne5 21. Nxe5 dxe5 22. Bc2 Qxd1 23. Rxd1 Bxe4 24. Ra5 Bxc2 25. Nxc2 Rfc8 26. f3 e4 27. Nb4 Bf8 28. f4 f5 29. h4 Rd8 30. Raa1 Rxd1+ 31. Rxd1 a5 32. Nc6 gxf4 33. Bxf4 Nd3 34. Bc1 Ra6 35. Nd4 Bc5 36. Kh2 Bxd4 37. cxd4 f4 38. b3 Rc6 39. Ba3 Rc2 40. Kg1 Kf7 41. Bd6 Kg6 42. Ra1 e3 43. h5+ Kxh5 44. Rxa5+ Kg4 45. Bxf4 Nxf4 46. Re5 Rxg2+ 47. Kf1 e2+ 48. Ke1 Nd3+ 0-1

[Event "Cappelle op 41st"]
[Site "Cappelle la Grande"]
[Date "2025.02.19"]
[Round "6"]
[White "Bauer, Christian"]
[Black "Enchev, Ivajlo"]
[Result "1-0"]
[WhiteElo "2548"]
[BlackElo "2407"]
[PlyCount "71"]
[EventDate "2025.02.15"]
[EventType "swiss"]
[EventRounds "9"]
[EventCountry "FRA"]
[SourceTitle "CB09_2025"]
[SourceDate "2025.02.27"]
[SourceVersion "1"]
[SourceVersionDate "2025.02.27"]
[SourceQuality "1"]

1. e4 e5 2. Nf3 Nc6 3. Bc4 Bc5 4. d3 Nf6 5. a4 d5 6. exd5 Nxd5 7. a5 a6 8. c3 0-0 9. Qb3 Nf4 10. Bxf4 exf4 11. Nbd2 b5 12. axb6 cxb6 13. d4 Bd6 14. Bd5 Qe7+ 15. Kf1 Qc7 16. Nc4 Rb8 17. Ng5 Na5 18. Qc2 g6 19. Nxd6 Qxd6 20. Ne4 Qc7 21. Qe2 Kg7 22. h4 h5 23. Ng5 Bf5 24. Re1 Rbe8 25. Qxe8 Rxe8 26. Rxe8 Qd7 27. Bxf7 Qb5+ 28. Kg1 Qxb2 29. Bd5 Qb5 30. Re7+ Kf8 31. Re5 Nc6 32. Bxc6 Qxc6 33. Kh2 a5 34. Rhe1 Qd7 35. d5 a4 36. d6 1-0

[Event "Keres Memorial rap 34th"]
[Site "Tallinn"]
[Date "2025.01.18"]
[Round "7"]
[White "Pultinevicius, Paulius"]
[Black "Bauer, Christian"]
[Result "1/2-1/2"]
[WhiteElo "2579"]
[BlackElo "2557"]
[PlyCount "66"]
[EventDate "2025.01.18"]
[EventType "swiss (rapid)"]
[EventRounds "11"]
[EventCountry "EST"]
[SourceTitle "CB05_2025"]
[SourceDate "2025.01.29"]
[SourceVersion "1"]
[SourceVersionDate "2025.01.29"]
[SourceQuality "1"]

1. d4 a6 2. e4 e6 3. c4 d5 4. cxd5 exd5 5. e5 c5 6. Nf3 Nc6 7. Nc3 c4 8. g3 Bb4 9. Bg2 Nge7 10. 0-0 Bf5 11. Re1 0-0 12. Nh4 Be6 13. h3 Qd7 14. g4 Ng6 15. Nxg6 hxg6 16. f4 b5 17. Be3 Ba5 18. Rf1 f5 19. exf6 Rxf6 20. f5 gxf5 21. g5 Rg6 22. h4 Bf7 23. h5 Rd6 24. g6 Be6 25. Ne2 Re8 26. Nf4 Qd8 27. Qf3 Bb6 28. Rad1 Bc8 29. Nxd5 Ba7 30. Rfe1 Re4 31. Nc3 Nxd4 32. Nd5 Nc6 33. Bf2 Rg4 1/2-1/2

[Event "Cap d'Agde Pool A"]
[Site "Cap d'Agde"]
[Date "2024.11.02"]
[Round "2"]
[White "Bacrot, Alexandre"]
[Black "Bauer, Christian"]
[Result "1-0"]
[WhiteElo "2420"]
[BlackElo "2545"]
[PlyCount "69"]
[EventDate "2024.11.02"]
[EventType "tourn (blitz)"]
[EventRounds "7"]
[EventCountry "FRA"]
[EventCategory "10"]
[SourceTitle "CB45_2024"]
[Source "ChessBase"]
[SourceDate "2024.11.06"]
[SourceVersion "1"]
[SourceVersionDate "2024.11.06"]
[SourceQuality "1"]

1. e4 Nc6 2. Nc3 e6 3. d4 Bb4 4. Nf3 d6 5. Bd3 e5 6. d5 Bxc3+ 7. bxc3 Nce7 8. c4 b6 9. a4 a5 10. Be3 h6 11. h4 f5 12. exf5 Nxf5 13. Nxe5 Nf6 14. Ng6 Rg8 15. Nf4 Qe7 16. Qe2 Nxe3 17. fxe3 Bg4 18. Bg6+ Kd7 19. Qd3 Qe5 20. Kd2 Rgf8 21. Rhf1 Kc8 22. Qd4 Qe7 23. Ne6 Bxe6 24. dxe6 Kb7 25. Be4+ c6 26. Rab1 Ra6 27. Ke2 Qxe6 28. Bf5 Qe7 29. Bd3 Kc7 30. c5 Raa8 31. cxd6+ Qxd6 32. Qxb6+ Kd7 33. Qb7+ Ke6 34. Bf5+ Ke5 35. Qb2+ 1-0

[Event "Cap d'Agde Pool A"]
[Site "Cap d'Agde"]
[Date "2024.11.02"]
[Round "1"]
[White "Bailet, Pierre"]
[Black "Bauer, Christian"]
[Result "0-1"]
[WhiteElo "2480"]
[BlackElo "2545"]
[PlyCount "128"]
[EventDate "2024.11.02"]
[EventType "tourn (blitz)"]
[EventRounds "7"]
[EventCountry "FRA"]
[EventCategory "10"]
[SourceTitle "CB45_2024"]
[Source "ChessBase"]
[SourceDate "2024.11.06"]
[SourceVersion "1"]
[SourceVersionDate "2024.11.06"]
[SourceQuality "1"]

1. e4 c6 2. Nf3 d5 3. Nc3 b5 4. exd5 b4 5. Ne2 cxd5 6. d4 Nf6 7. Nf4 Bg4 8. Bb5+ Nbd7 9. 0-0 e6 10. h3 Bxf3 11. Qxf3 Be7 12. Nd3 0-0 13. Ne5 Nxe5 14. dxe5 Ne4 15. Bd3 Nc5 16. Qg3 g6 17. Bh6 Re8 18. f4 Nxd3 19. cxd3 Qd7 20. Bg5 Rac8 21. Rac1 Bxg5 22. fxg5 Rxc1 23. Rxc1 Rc8 24. Qe3 Rc7 25. Kh2 Qc8 26. Rxc7 Qxc7 27. Qd4 a5 28. h4 Qc1 29. Kg3 Qe1+ 30. Kh2 a4 31. Qf4 a3 32. Qf6 Qxh4+ 33. Kg1 Qd4+ 34. Kh2 Qb6 35. bxa3 bxa3 36. d4 Qb8 37. Kg3 Qf8 38. Qf4 h6 39. gxh6 Kh7 40. Kf3 Qe7 41. Kg3 g5 42. Qf1 Kxh6 43. Qh1+ Kg7 44. Qh5 f6 45. Kg4 f5+ 46. Kg3 Qd8 47. Kf3 g4+ 48. Kf4 Qe7 49. g3 Qf7 50. Qxf7+ Kxf7 51. Kg5 Kg7 52. Kh5 Kh7 53. Kg5 Kg8 54. Kh5 Kg7 55. Kg5 Kh7 56. Kh5 Kg7 57. Kg5 Kf7 58. Kh5 Ke7 59. Kg5 Kd7 60. Kh5 Kc6 61. Kg5 Kb5 62. Kf6 f4 63. Kxe6 fxg3 64. Kxd5 g2 0-1

[Event "Cap d'Agde Pool A"]
[Site "Cap d'Agde"]
[Date "2024.11.02"]
[Round "4"]
[White "Materia, Marco"]
[Black "Bauer, Christian"]
[Result "1/2-1/2"]
[WhiteElo "2471"]
[BlackElo "2545"]
[PlyCount "105"]
[EventDate "2024.11.02"]
[EventType "tourn (blitz)"]
[EventRounds "7"]
[EventCountry "FRA"]
[EventCategory "10"]
[SourceTitle "CB45_2024"]
[Source "ChessBase"]
[SourceDate "2024.11.06"]
[SourceVersion "1"]
[SourceVersionDate "2024.11.06"]
[SourceQuality "1"]

1. Nf3 b6 2. c4 Bb7 3. Nc3 c5 4. e3 g6 5. Be2 Bg7 6. 0-0 Nf6 7. b3 Ne4 8. Bb2 Nxc3 9. Bxc3 Bxc3 10. dxc3 0-0 11. b4 d6 12. Qb3 Nd7 13. a4 cxb4 14. cxb4 a5 15. Nd4 axb4 16. Qxb4 Nc5 17. Rfb1 Be4 18. Rb2 Ra6 19. Rba2 Qd7 20. a5 Rfa8 21. f3 Bb7 22. Ra3 Qd8 23. axb6 Rxa3 24. Rxa3 Rxa3 25. Qxa3 Qxb6 26. Kf2 Qb1 27. Qa5 Ne6 28. Nxe6 fxe6 29. Qd8+ Kf7 30. Qh8 g5 31. f4 Qg6 32. g3 gxf4 33. exf4 Be4 34. Qd4 Bc6 35. c5 dxc5 36. Qxc5 Bd5 37. Qc3 Qf6 38. Qd2 Be4 39. Qe3 Bd5 40. h4 e5 41. Qxe5 Qxe5 42. fxe5 Ke6 43. Ke3 Kxe5 44. Bd3 h6 45. g4 Kf6 46. Be4 Bf7 47. Kf3 e5 48. Bc2 Bd5+ 49. Be4 Be6 50. Kg3 Bf7 51. Bf3 Be6 52. Be4 Bf7 53. Bf3 1/2-1/2

[Event "EU-Cup 39th"]
[Site "Vrnjacka Banja"]
[Date "2024.10.25"]
[Round "6.6"]
[White "Bauer, Christian"]
[Black "Gurel, Ediz"]
[Result "0-1"]
[WhiteElo "2557"]
[BlackElo "2625"]
[PlyCount "58"]
[EventDate "2024.10.20"]
[EventType "team-swiss"]
[EventRounds "7"]
[EventCountry "SRB"]
[SourceTitle "CB44_2024"]
[Source "Chessbase"]
[SourceDate "2024.10.30"]
[SourceVersion "1"]
[SourceVersionDate "2024.10.30"]
[SourceQuality "1"]
[WhiteTeam "Chartres"]
[BlackTeam "Turkish Airlines"]
[WhiteTeamCountry "FRA"]
[BlackTeamCountry "TUR"]

1. e4 c5 2. Nf3 d6 3. d4 cxd4 4. Nxd4 Nf6 5. Nc3 a6 6. b3 e5 7. Nde2 Be7 8. g3 b5 9. Bg2 Bb7 10. 0-0 Nbd7 11. a4 b4 12. Nd5 Nxd5 13. exd5 a5 14. c4 0-0 15. Be3 Rc8 16. f4 exf4 17. Nxf4 Bf6 18. Nh5 Bxa1 19. Qxa1 Ne5 20. Be4 Qe7 21. Qb1 Kh8 22. Bxh7 Nxc4 23. Bd4 Ne5 24. Be4 Qg5 25. Qd1 Ba6 26. Rf4 f5 27. Bc2 Kg8 28. h4 Qh6 29. Rf2 Bd3 0-1

[Event "EU-Cup 39th"]
[Site "Vrnjacka Banja"]
[Date "2024.10.24"]
[Round "5.6"]
[White "Veinberg, Nimrod"]
[Black "Bauer, Christian"]
[Result "0-1"]
[WhiteElo "2408"]
[BlackElo "2557"]
[PlyCount "86"]
[EventDate "2024.10.20"]
[EventType "team-swiss"]
[EventRounds "7"]
[EventCountry "SRB"]
[SourceTitle "CB44_2024"]
[Source "Chessbase"]
[SourceDate "2024.10.30"]
[SourceVersion "1"]
[SourceVersionDate "2024.10.30"]
[SourceQuality "1"]
[WhiteTeam "Rishon Le Zion"]
[BlackTeam "Chartres"]
[WhiteTeamCountry "ISR"]
[BlackTeamCountry "FRA"]

1. d4 d5 2. c4 e6 3. Nc3 c6 4. cxd5 exd5 5. Bf4 Bd6 6. Bxd6 Qxd6 7. e3 Ne7 8. Bd3 Bf5 9. Nge2 Nd7 10. 0-0 0-0 11. Nf4 Nf6 12. Qf3 Bxd3 13. Nxd3 Ng6 14. Nc5 Qe7 15. b4 b6 16. Nd3 Ne4 17. Rfc1 b5 18. Qf5 Nd6 19. Qh5 Rfe8 20. a4 a6 21. Ra2 Nc4 22. Rca1 Rad8 23. Rb1 Rd6 24. g3 Nf8 25. Nc5 Rh6 26. Qe2 Ne6 27. Nxa6 Qf6 28. Qg4 Rg6 29. Qd1 Ng5 30. Nc5 Nh3+ 31. Kg2 Nxf2 32. Qf3 Qxf3+ 33. Kxf3 Rf6+ 34. Kg2 Nxe3+ 35. Kg1 Nh3+ 36. Kh1 bxa4 37. Re1 Nf2+ 38. Kg1 Nh3+ 39. Kh1 Rf2 40. Rxa4 g5 41. Raa1 Rd2 42. b5 Kg7 43. bxc6 Ng4 0-1

[Event "EU-Cup 39th"]
[Site "Vrnjacka Banja"]
[Date "2024.10.20"]
[Round "1.5"]
[White "Bauer, Christian"]
[Black "Pitkaaho, Arto"]
[Result "1-0"]
[WhiteElo "2557"]
[BlackElo "2123"]
[PlyCount "63"]
[EventDate "2024.10.20"]
[EventType "team-swiss"]
[EventRounds "7"]
[EventCountry "SRB"]
[SourceTitle "CB44_2024"]
[Source "Chessbase"]
[SourceDate "2024.10.30"]
[SourceVersion "1"]
[SourceVersionDate "2024.10.30"]
[SourceQuality "1"]
[WhiteTeam "Chartres"]
[BlackTeam "Raahen Linnoitus"]
[WhiteTeamCountry "FRA"]
[BlackTeamCountry "FIN"]

1. d4 e6 2. Bf4 f5 3. g4 fxg4 4. h3 g3 5. Bxg3 Nf6 6. Nc3 d5 7. e3 a6 8. Nf3 c5 9. Ne5 Nc6 10. Rg1 cxd4 11. exd4 Be7 12. Bd3 Qb6 13. Nxc6 Qxc6 14. Be5 g6 15. Qe2 Bd7 16. 0-0-0 Rf8 17. Qe3 0-0-0 18. Kb1 Rf7 19. Ne2 Bd6 20. Rc1 Bxe5 21. dxe5 Nh5 22. Nd4 Qb6 23. c4 Kb8 24. cxd5 Ka8 25. Nxe6 Qxe3 26. Nc7+ Kb8 27. fxe3 Bxh3 28. d6 Ng7 29. Rh1 Rf3 30. Rce1 Nf5 31. Ne6 Rd7 32. Ng5 1-0

[Event "Weissenhaus YM"]
[Site "Wangels"]
[Date "2024.10.18"]
[Round "9"]
[White "Gloeckler, Christian"]
[Black "Bauer, Christian"]
[Result "0-1"]
[WhiteElo "2336"]
[BlackElo "2557"]
[PlyCount "64"]
[EventDate "2024.10.14"]
[EventType "tourn"]
[EventRounds "9"]
[EventCountry "GER"]
[EventCategory "10"]
[SourceTitle "CB43_2024"]
[Source "Chessbase"]
[SourceDate "2024.10.23"]
[SourceVersion "1"]
[SourceVersionDate "2024.10.23"]
[SourceQuality "1"]

1. e4 e6 2. d4 d5 3. e5 Bd7 4. c3 a6 5. b4 b6 6. a3 c5 7. Bd3 Bb5 8. Bxb5+ axb5 9. Bb2 Nh6 10. Qe2 Qd7 11. Nd2 Nc6 12. f4 f6 13. Qd3 Be7 14. Ne2 fxe5 15. fxe5 c4 16. Qh3 Nf5 17. 0-0 0-0-0 18. Nf3 g5 19. Bc1 Rdg8 20. Qh5 Rg6 21. g4 Rh6 22. Qf7 Nd8 23. Nxg5 Nxf7 24. Nxf7 Rg6 25. Nxh8 Rxg4+ 26. Kh1 Qe8 27. a4 bxa4 28. b5 Kb7 29. Rxa4 Qxb5 30. Ra2 Qb1 31. Rb2 Qe4+ 32. Rf3 Qxf3# 0-1

[Event "Weissenhaus YM"]
[Site "Wangels"]
[Date "2024.10.17"]
[Round "6"]
[White "Bauer, Christian"]
[Black "Deuer, Marius"]
[Result "0-1"]
[WhiteElo "2557"]
[BlackElo "2477"]
[PlyCount "88"]
[EventDate "2024.10.14"]
[EventType "tourn"]
[EventRounds "9"]
[EventCountry "GER"]
[EventCategory "10"]
[SourceTitle "CB43_2024"]
[Source "Chessbase"]
[SourceDate "2024.10.23"]
[SourceVersion "1"]
[SourceVersionDate "2024.10.23"]
[SourceQuality "1"]

1. e4 c6 2. d4 d5 3. f3 dxe4 4. fxe4 e5 5. Nf3 Bg4 6. c3 Nd7 7. Bd3 Ngf6 8. 0-0 Bd6 9. Na3 Bxa3 10. bxa3 0-0 11. Rb1 b5 12. a4 a6 13. Qc2 Bxf3 14. gxf3 Nh5 15. Be3 Qf6 16. Qd2 Nf4 17. Bc2 Nb6 18. Bb3 bxa4 19. dxe5 Qg6+ 20. Kh1 Rad8 21. Bd4 Qh6 22. Bxf7+ Rxf7 23. Rxb6 Qh3 24. Qf2 Rdf8 25. Rxc6 Nh5 26. e6 Rb7 27. Rg1 h6 28. Qg2 Qxg2+ 29. Kxg2 Nf4+ 30. Kh1 Re8 31. Rxa6 Nxe6 32. Rxa4 Rf8 33. Rf1 Rb2 34. Be5 Rf7 35. h4 Nc5 36. Ra8+ Kh7 37. Kg1 Nd3 38. Bd4 Nf4 39. Kh1 Ne2 40. Rf2 Rf4 41. Ra7 Rb1+ 42. Rf1 Rxf1+ 43. Kg2 Nxd4 44. Kxf1 Rxf3+ 0-1

[Event "Weissenhaus YM"]
[Site "Wangels"]
[Date "2024.10.17"]
[Round "7"]
[White "Costa, Leonardo"]
[Black "Bauer, Christian"]
[Result "1-0"]
[WhiteElo "2472"]
[BlackElo "2557"]
[PlyCount "85"]
[EventDate "2024.10.14"]
[EventType "tourn"]
[EventRounds "9"]
[EventCountry "GER"]
[EventCategory "10"]
[SourceTitle "CB43_2024"]
[Source "Chessbase"]
[SourceDate "2024.10.23"]
[SourceVersion "1"]
[SourceVersionDate "2024.10.23"]
[SourceQuality "1"]

1. e4 Nc6 2. Nf3 d6 3. d4 Nf6 4. Nc3 g6 5. Be2 Bg7 6. 0-0 a6 7. d5 Na7 8. a4 0-0 9. h3 e5 10. Be3 Bd7 11. Nd2 Nc8 12. Nc4 Ne7 13. a5 Bb5 14. b4 Bxc4 15. Bxc4 Nh5 16. Rb1 f5 17. b5 axb5 18. Rxb5 f4 19. Bd2 f3 20. g3 Kh8 21. Kh2 Qc8 22. Qb1 Ng8 23. Rxb7 Rxa5 24. Nb5 Qxb7 25. Bxa5 Rf7 26. Qb3 Qc8 27. Rd1 Bh6 28. Bf1 Qa8 29. Ra1 Ngf6 30. Qc4 Ne8 31. Ra3 Qd8 32. Qc6 Bc1 33. Ra1 Bg5 34. Bb4 Nhf6 35. Ra8 Qe7 36. Ba5 Rf8 37. Bd3 Qg7 38. Nxc7 Qh6 39. Rxe8 Rxe8 40. Bf1 Rb8 41. Qxd6 Rb1 42. Qa6 Be3 43. Qxf6+ 1-0

[Event "Weissenhaus YM"]
[Site "Wangels"]
[Date "2024.10.14"]
[Round "1"]
[White "Bauer, Christian"]
[Black "Eljanov, Pavel"]
[Result "1/2-1/2"]
[WhiteElo "2557"]
[BlackElo "2672"]
[PlyCount "83"]
[EventDate "2024.10.14"]
[EventType "tourn"]
[EventRounds "9"]
[EventCountry "GER"]
[EventCategory "10"]
[SourceTitle "CB43_2024"]
[Source "Chessbase"]
[SourceDate "2024.10.23"]
[SourceVersion "1"]
[SourceVersionDate "2024.10.23"]
[SourceQuality "1"]

1. e4 c5 2. Nf3 d6 3. d4 cxd4 4. Nxd4 Nf6 5. Nc3 Nc6 6. Be2 e5 7. Nf3 Be7 8. Bg5 0-0 9. Bxf6 Bxf6 10. Nd5 g6 11. c3 Bg7 12. h4 Ne7 13. Bc4 Bg4 14. Qd3 b5 15. Bb3 Nxd5 16. Bxd5 Rb8 17. a3 a5 18. g3 Qf6 19. Nh2 Be6 20. 0-0 h5 21. Rfd1 Bh6 22. Qe2 Rfc8 23. Bxe6 Qxe6 24. Rd5 b4 25. axb4 axb4 26. c4 b3 27. Ra6 Ra8 28. Raxd6 Qh3 29. Nf1 Bf8 30. Rd7 Ra1 31. Rd1 Rxd1 32. Rxd1 Bc5 33. Rd3 Ra8 34. Qd1 Bd4 35. Rxb3 Kg7 36. Ne3 Ra2 37. Qb1 Ra4 38. Qf1 Qe6 39. Kg2 Qc6 40. Qd3 Bxe3 41. Qxe3 Rxc4 42. Rc3 1/2-1/2

[Event "SUI-chT"]
[Site "Switzerland"]
[Date "2024.08.25"]
[Round "7.2"]
[White "Kuehn, Peter"]
[Black "Bauer, Christian"]
[Result "1/2-1/2"]
[WhiteElo "2336"]
[BlackElo "2559"]
[PlyCount "67"]
[EventDate "2024.03.10"]
[EventType "team-tourn"]
[EventRounds "9"]
[EventCountry "SUI"]
[SourceTitle "EXT 2025"]
[Source "ChessBase"]
[SourceDate "2024.10.14"]
[SourceVersion "1"]
[SourceVersionDate "2024.10.14"]
[SourceQuality "1"]
[WhiteTeam "Bodan"]
[BlackTeam "Zuerich"]
[WhiteTeamCountry "SUI"]
[BlackTeamCountry "SUI"]

1. d4 Nf6 2. Nf3 d6 3. Bg5 Nbd7 4. Nbd2 h6 5. Bh4 g5 6. Bg3 Nh5 7. e4 Bg7 8. c3 a6 9. a4 b6 10. Bd3 e6 11. Qe2 Qe7 12. Nc4 Bb7 13. Nfd2 Nxg3 14. hxg3 c5 15. dxc5 bxc5 16. Na5 Ne5 17. Nxb7 Qxb7 18. Nc4 Nxc4 19. Bxc4 0-0 20. Rd1 Qc7 21. Bxa6 d5 22. exd5 exd5 23. Bb5 Rad8 24. 0-0 d4 25. Qf3 f5 26. Qc6 Qxc6 27. Bxc6 dxc3 28. bxc3 Bxc3 29. Rxd8 Rxd8 30. Rc1 Bb4 31. a5 Bxa5 32. Rxc5 Bb6 33. Rxf5 Rf8 34. Rxf8+ 1/2-1/2

[Event "SUI-chT"]
[Site "Switzerland"]
[Date "2024.08.24"]
[Round "6.3"]
[White "Stojanovic, Mihajlo"]
[Black "Bauer, Christian"]
[Result "1/2-1/2"]
[WhiteElo "2476"]
[BlackElo "2559"]
[PlyCount "60"]
[EventDate "2024.03.10"]
[EventType "team-tourn"]
[EventRounds "9"]
[EventCountry "SUI"]
[SourceTitle "EXT 2025"]
[Source "ChessBase"]
[SourceDate "2024.10.14"]
[SourceVersion "1"]
[SourceVersionDate "2024.10.14"]
[SourceQuality "1"]
[WhiteTeam "Reti"]
[BlackTeam "Zuerich"]
[WhiteTeamCountry "SUI"]
[BlackTeamCountry "SUI"]

1. Nf3 b6 2. g3 Bb7 3. Bg2 d5 4. d4 e6 5. 0-0 Nd7 6. e4 dxe4 7. Ng5 Ngf6 8. Nc3 Be7 9. Ncxe4 Qc8 10. Nxf6+ Nxf6 11. Bxb7 Qxb7 12. Qf3 Qxf3 13. Nxf3 c5 14. b3 Rc8 15. c4 cxd4 16. Nxd4 Ne4 17. Bb2 Bf6 18. Rad1 0-0 19. f3 Nc5 20. Rf2 Rfd8 21. Rfd2 a5 22. Nb5 Rxd2 23. Rxd2 Bxb2 24. Rxb2 Rd8 25. Kf1 Rd1+ 26. Ke2 Rh1 27. Ke3 g5 28. Nd6 Re1+ 29. Kd2 Rh1 30. Ke3 Re1+ 1/2-1/2

[Event "Francophonie-ch 10th"]
[Site "Quebec"]
[Date "2024.08.17"]
[Round "7"]
[White "Rodrigue Lemieux, Shawn"]
[Black "Bauer, Christian"]
[Result "1/2-1/2"]
[WhiteElo "2506"]
[BlackElo "2574"]
[PlyCount "25"]
[EventDate "2024.08.13"]
[EventType "swiss"]
[EventRounds "9"]
[EventCountry "CAN"]
[SourceTitle "EXT 2025"]
[Source "ChessBase"]
[SourceDate "2024.10.14"]
[SourceVersion "1"]
[SourceVersionDate "2024.10.14"]
[SourceQuality "1"]

1. e4 e6 2. d4 d5 3. Nd2 c5 4. exd5 Qxd5 5. Ngf3 cxd4 6. g3 Bd7 7. Bc4 Qd6 8. 0-0 Nf6 9. Re1 Nc6 10. Nb3 Qb4 11. Bf1 Rd8 12. Bd2 Qb6 13. Nfxd4 1/2-1/2